000 00219nam a22000857a 4500
999 _c23985
_d23985
003 Nust
005 20170515121530.0
008 140429b xxu||||| |||| 00| 0 eng d
020 _cAvailable
_a8129709384
040 _aDLC
_bDLC
_cRCMS
082 _24th,ed.
_a518 MAT
100 _aMETHEWS, JOHN H.
_9720
245 _aNumerical Methods Using MATLAB
260 _aIndia
_bPearson Education
_cc 2004
300 _ax,690,p:
_bill:
_c26,cm.
538 _iShelf # 15, Row # 3, Communication.
650 _aMathematics/ computer science/ physical sciences/ and engineering. Knowledge of calculus is assumed.
_9721
856 _3Table of Content Only
942 _2ddc
_cBK